La musique française

Guardat en:
Dades bibliogràfiques
Autor principal: Landormy, Paul (Autor)
Format: Llibre
Idioma:francès
Publicat: París Gallimard 1944
Edició:6a. ed
Matèries:
Etiquetes: Afegir etiqueta
Sense etiquetes, Sigues el primer a etiquetar aquest registre!

MARC

LEADER 00000nam a2200000 a 4500
001 UCN3008
003 CL-VaPUC
008 010615e19440000FR |||||||||||||||||fre|d
082 0 4 |a 780.944  |b LAN  |2 21 
100 |a Landormy, Paul  |e author  |9 459394 
245 1 3 |a La musique française 
250 |a 6a. ed 
300 |a v 
942 |c BK 
945 |d 20010615 00:00:00  |a crobeson 
260 |a París  |b Gallimard  |c 1944 
500 |a v.1: De la Marseillaise à la mort de Berlioz 
500 |a v.2: De Frack à Debussy 
500 |a v.3: Après Debussy 
650 0 |a Música francesa  |9 306438 
650 7 |a MUSICA HISTORIA  |2 CL-VaPUC  |9 306301 
650 0 |a Ópera francesa  |9 306298 
650 0 |a Impresionismo en la música  |9 458399 
650 0 |a Compositores franceses  |9 328980 
583 |a last modification  |c 20010615 00:00:00  |k Rodrigo Vera 
999 |c 296023  |d 296021 
952 |0 0  |1 0  |4 0  |6 780_944000000000000_LAN_1944  |7 0  |8 A  |9 349503  |a BIBEDU  |b BIBEDU  |d 2019-11-20  |h v.1  |i 1187295  |o 780.944 LAN 1944  |p 1187295  |r 2023-01-12  |w 2019-11-20  |y BK  |k MUS 
952 |0 0  |1 0  |4 0  |6 780_944000000000000_LAN_1944  |7 0  |8 A  |9 349504  |a BIBEDU  |b BIBEDU  |d 2019-11-20  |h v.3  |i 1187309  |o 780.944 LAN 1944  |p 1187309  |r 2023-01-12  |w 2019-11-20  |y BK  |k MUS